[Event "Sparkassen-Open A"]
[Site "Heusenstamm, Martinsee"]
[Date "2022.11.20"]
[Round "6.52"]
[White "Burg, Samuel"]
[Black "Nerz, Lenard"]
[Result "0-1"]
[WhiteElo "1676"]
[BlackElo "1989"]
[PlyCount "138"]
[EventDate "2022.??.??"]
[WhiteTeam "Spvgg Böblingen"]
[BlackTeam "Spvgg Böblingen"]

1. Nf3 d5 2. g3 Nf6 3. Bg2 e6 4. O-O Be7 5. d3 O-O 6. Nbd2 c5 7. e4 Nc6 8. e5
Ng4 9. Re1 f6 10. exf6 Nxf6 11. d4 cxd4 12. Nb3 Bb4 13. Bd2 Bd6 14. Nfxd4 e5
15. Nb5 Bg4 16. Qc1 Bb8 17. Bg5 e4 18. Qd2 Ne5 19. N5d4 Qe8 20. Bxf6 Rxf6 21.
Qa5 Qd7 22. Nc5 Qc7 23. Qb5 Nc6 24. Nxe4 dxe4 25. Rxe4 Bd7 26. Qd5+ Kh8 27.
Rae1 Qd6 28. Re8+ Bxe8 29. Rxe8+ Rf8 30. Rxf8+ Qxf8 31. Nxc6 Bd6 32. Ne5 Bxe5
33. Qxe5 Qf7 34. b3 Rf8 35. Qe3 b6 36. Be4 Qf6 37. Kg2 Qe5 38. f3 Rd8 39. Qe2
g6 40. a4 Kg7 41. Kf2 Qc5+ 42. Kg2 Rd7 43. g4 Kf6 44. Bd3 Re7 45. Be4 Qd4 46.
Qf2 Qxf2+ 47. Kxf2 Ke5 48. Ke3 g5 49. Bc6 Re6 50. Be4 Rh6 51. Kd3 Rxh2 52. Ke3
h5 53. gxh5 Rxh5 54. Bd3 Rh3 55. Bf1 Rg3 56. Kf2 Kf4 57. Bg2 a5 58. Bh1 Rh3 59.
Bg2 Rh2 60. c3 Rh6 61. Bf1 Re6 62. b4 Re3 63. bxa5 bxa5 64. Be2 Rxc3 65. Bd1
Ra3 66. Kg2 Ra2+ 67. Kh3 Rf2 68. Be2 g4+ 69. Kh4 Rh2# 0-1

[Event "Sparkassen-Open A"]
[Site "Heusenstamm, Martinsee"]
[Date "2022.11.20"]
[Round "6.53"]
[White "Nickel, Rüdiger"]
[Black "Schellenberger, Dirk"]
[Result "0-1"]
[WhiteElo "2039"]
[BlackElo "1799"]
[PlyCount "108"]
[EventDate "2022.??.??"]
[WhiteTeam "SK Dinkelsbühl"]
[BlackTeam "SC Aschaffenburg"]

1. e4 Nf6 2. e5 Nd5 3. d4 d6 4. Nf3 dxe5 5. Nxe5 c6 6. Be2 Bf5 7. O-O Nd7 8.
Nxd7 Qxd7 9. Na3 e6 10. Nc4 Be7 11. Ne5 Qd8 12. a3 O-O 13. c4 Nb6 14. Be3 Nd7
15. f4 Qc7 16. Qe1 Rad8 17. b4 a6 18. Qg3 Nf6 19. Bf3 Be4 20. Be2 b5 21. Rfc1
Qb7 22. Bf2 Rc8 23. Qe3 c5 24. dxc5 bxc4 25. Bf1 Rfd8 26. Nxc4 Ng4 27. Qg3 f5
28. Be1 Bf6 29. Bc3 Qe7 30. h3 Bh4 31. Bf6 Qxf6 32. Qb3 Qd4+ 33. Kh1 Nf2+ 34.
Kh2 Bd3 35. g3 e5 36. Nxe5+ Rd5 37. Bg2 Be4 38. gxh4 Bxg2 39. Kxg2 Rcd8 40. Rc4
Qxa1 41. Rc2 Ne4 42. c6 Qd1 43. c7 Rc8 44. Nf3 Kf8 45. Qc4 Rd3 46. Rf2 Nxf2 47.
Qc5+ Kg8 48. Ne5 Qh1+ 49. Kxf2 Qh2+ 50. Ke1 Qd2+ 51. Kf1 Qd1+ 52. Kf2 Rd2+ 53.
Kg3 Qe1+ 54. Kf3 Qe2+ 0-1

[Event "Sparkassen-Open A"]
[Site "Heusenstamm, Martinsee"]
[Date "2022.11.20"]
[Round "6.54"]
[White "Tremöhlen, Thomas"]
[Black "Vangsgaard, Claus"]
[Result "1-0"]
[WhiteElo "1979"]
[BlackElo "1888"]
[PlyCount "73"]
[EventDate "2022.??.??"]
[WhiteTeam "SG Kaarst 1912/35"]
[BlackTeam "Vejlby-Risskov SK"]

1. d4 c5 2. e4 cxd4 3. Nf3 Nc6 4. c3 d3 5. Bxd3 d6 6. h3 Nf6 7. O-O e6 8. c4
Be7 9. Nc3 O-O 10. Be3 Qc7 11. Qe2 b6 12. Rac1 Bb7 13. Nd5 Qd7 14. Nxe7+ Nxe7
15. Bg5 Ng6 16. Rfd1 Qc7 17. Bb1 Ne8 18. h4 Ne5 19. Nd4 a6 20. h5 Nc6 21. Nf3
f6 22. Be3 Ne5 23. Nd4 Qe7 24. f4 Nd7 25. Bf2 Rd8 26. b4 Nc7 27. a4 Rfe8 28.
Nb3 d5 29. cxd5 Nxd5 30. exd5 Qxb4 31. dxe6 Qxf4 32. Rd4 Qg5 33. Rg4 Qd5 34. e7
Ra8 35. Nd4 Kh8 36. Qc2 g5 37. Qxh7# 1-0

[Event "Sparkassen-Open A"]
[Site "Heusenstamm, Martinsee"]
[Date "2022.11.20"]
[Round "6.55"]
[White "Marchese, Andrea"]
[Black "Schultze, Jörg-Martin"]
[Result "0-1"]
[WhiteElo "1869"]
[BlackElo "1974"]
[PlyCount "110"]
[EventDate "2022.??.??"]
[WhiteTeam "SC Matt im Park Ffm"]
[BlackTeam "SF Braunfels"]

1. d4 d5 2. c4 e6 3. Nc3 Nf6 4. Bg5 Be7 5. e3 Nbd7 6. Nf3 O-O 7. Bd3 dxc4 8.
Bxc4 c5 9. O-O h6 10. Bh4 cxd4 11. exd4 Nb6 12. Bb3 Bd7 13. Re1 Bc6 14. Ne5
Nfd5 15. Bg3 Bb4 16. Qd3 Nf6 17. Nxc6 bxc6 18. Bc2 Bxc3 19. bxc3 Qd5 20. Be5
Nbd7 21. Bf4 Rad8 22. Rab1 c5 23. Qa6 g5 24. Be5 Rc8 25. Qe2 Rfd8 26. Rbd1 c4
27. Qd2 Nxe5 28. Rxe5 Qxe5 29. dxe5 Rxd2 30. Rxd2 Ng4 31. Re2 Rc5 32. f3 Rxe5
33. Rxe5 Nxe5 34. Kf2 Kf8 35. Ke3 Ke7 36. Be4 Kd6 37. Kd4 f6 38. g4 f5 39. gxf5
exf5 40. Bxf5 Nxf3+ 41. Kxc4 Nxh2 42. Kb5 Kc7 43. Ka6 Kb8 44. Kb5 g4 45. Kc5 g3
46. Be4 Kc7 47. Kd4 Ng4 48. Bg2 h5 49. Ke4 h4 50. Kf3 Nf2 51. Bf1 Kd6 52. Kg2
Nd1 53. Kh3 Ne3 54. Be2 Ke5 55. Bf3 Kf4 0-1

[Event "Sparkassen-Open A"]
[Site "Heusenstamm, Martinsee"]
[Date "2022.11.20"]
[Round "6.56"]
[White "Böhmer, Thomas"]
[Black "Winter, Lars"]
[Result "1/2-1/2"]
[WhiteElo "1969"]
[BlackElo "1880"]
[PlyCount "62"]
[EventDate "2022.??.??"]
[WhiteTeam "Sfr Stiller Zug Wiesbaden"]
[BlackTeam "SV Fechenheim"]

1. d4 Nf6 2. c4 c5 3. d5 b5 4. cxb5 a6 5. bxa6 Bxa6 6. g3 g6 7. b3 Qa5+ 8. Bd2
Qb6 9. Bg2 d6 10. Nh3 Bg7 11. Bc3 O-O 12. O-O Nbd7 13. Nd2 Ra7 14. Nc4 Bxc4 15.
bxc4 Qa6 16. Rc1 Rfa8 17. Rc2 Nb6 18. Bxf6 Bxf6 19. Qd3 Qa3 20. Qd2 Ra4 21.
Rfc1 Qb4 22. Qxb4 Rxb4 23. e3 Rba4 24. Bf1 Rxa2 25. Kg2 Rxc2 26. Rxc2 Ra4 27.
Nf4 Be5 28. Nh3 Rb4 29. Ng5 Rb2 30. Rxb2 Bxb2 31. f4 h6 1/2-1/2

[Event "Sparkassen-Open A"]
[Site "Heusenstamm, Martinsee"]
[Date "2022.11.20"]
[Round "6.57"]
[White "Buchholz, Maja Patricia"]
[Black "Bäumer, Frank"]
[Result "1/2-1/2"]
[WhiteElo "1695"]
[BlackElo "1914"]
[PlyCount "107"]
[EventDate "2022.??.??"]
[WhiteTeam "Wiesbadener SV 1885"]
[BlackTeam "Gambit Gusenburg"]

1. c4 e5 2. g3 Nc6 3. Nc3 f5 4. Nf3 Bc5 5. d3 Nf6 6. a3 e4 7. d4 Bb6 8. Nh4
Bxd4 9. Nb5 Bb6 10. Nxf5 O-O 11. Ne3 d6 12. Bg2 Qe8 13. O-O Qh5 14. Nc3 Be6 15.
Nxe4 Bxe3 16. Nxf6+ Rxf6 17. Bxe3 Bxc4 18. Re1 Re8 19. Rc1 Be6 20. b4 Rf7 21.
Bf4 Ne5 22. Bxe5 Qxe5 23. Bxb7 a5 24. Bf3 axb4 25. Qa4 Rb8 26. axb4 Qb5 27. Qa1
Bd5 28. Bxd5 Qxd5 29. Qa7 Rb7 30. Qa5 Qxa5 31. bxa5 Ra7 32. Ra1 Ra6 33. Rec1 c5
34. Rc4 Rfa7 35. Rca4 d5 36. Kf1 Kf7 37. Ke1 Ke6 38. Kd2 Kd6 39. Kc3 Kc6 40. f3
Kb5 41. e4 d4+ 42. Kd3 Rxa5 43. Rxa5+ Rxa5 44. Rxa5+ Kxa5 45. e5 Kb5 46. f4 Kc6
47. Ke4 g6 48. g4 Kd7 49. h4 h5 50. f5 gxf5+ 51. gxf5 Ke7 52. Kd3 Kf7 53. Kc4
Ke7 54. Kd3 1/2-1/2

[Event "Sparkassen-Open A"]
[Site "Heusenstamm, Martinsee"]
[Date "2022.11.20"]
[Round "6.58"]
[White "Berberich, Christoph"]
[Black "Reinecke, Katharina"]
[Result "1/2-1/2"]
[WhiteElo "1952"]
[BlackElo "1875"]
[PlyCount "70"]
[EventDate "2022.??.??"]
[WhiteTeam "FSF 1887 Zähringen"]
[BlackTeam "SK Langen"]

1. d4 d5 2. Nf3 Nf6 3. e3 c6 4. c4 Bf5 5. Nc3 e6 6. Bd3 Bg6 7. O-O Nbd7 8. b3
Bd6 9. Bb2 O-O 10. Bxg6 hxg6 11. Qd3 Re8 12. Rad1 Qc7 13. e4 dxe4 14. Nxe4 Nxe4
15. Qxe4 Nf6 16. Qh4 Be7 17. Rfe1 Qa5 18. a4 Qh5 19. Qxh5 gxh5 20. Re3 Rad8 21.
h3 c5 22. Red3 cxd4 23. Bxd4 a6 24. Bb6 Rxd3 25. Rxd3 Rc8 26. Ne5 g6 27. Nd7
Ne4 28. Kf1 Nc5 29. Bxc5 Bxc5 30. Nxc5 Rxc5 31. Rd8+ Kg7 32. Rb8 Rc7 33. Ke2
Rd7 34. Ke3 Kf6 35. f4 e5 1/2-1/2

[Event "Sparkassen-Open A"]
[Site "Heusenstamm, Martinsee"]
[Date "2022.11.20"]
[Round "6.59"]
[White "Armbrust, Matthias"]
[Black "Thomas, Tobias"]
[Result "0-1"]
[WhiteElo "1854"]
[BlackElo "1939"]
[PlyCount "82"]
[EventDate "2022.??.??"]
[WhiteTeam "TSG 1846 Bretzenheim/ZMO"]
[BlackTeam "SK Langen"]

1. e4 c5 2. Nc3 e6 3. f4 d5 4. e5 Nc6 5. Nf3 h5 6. Ne2 Nge7 7. d4 Nf5 8. c3 h4
9. Qd3 c4 10. Qc2 b5 11. Bd2 Qb6 12. Rg1 b4 13. g3 hxg3 14. hxg3 Rb8 15. g4 Nh4
16. Nxh4 Rxh4 17. Be3 bxc3 18. bxc3 Bd7 19. Bc1 Be7 20. f5 Kd8 21. Rg3 Rh1 22.
Rf3 Qa5 23. Kf2 Kc7 24. Rb1 Rxb1 25. Qxb1 Qb6 26. Qc2 Nxe5 27. Kg2 Nxf3 28.
Kxh1 Ne1 29. Qd2 Nd3 30. Qe3 Nxc1 31. Qxc1 exf5 32. gxf5 Qh6+ 33. Qxh6 gxh6 34.
Bh3 Bg5 35. Kg2 Kd6 36. Kf3 Bd2 37. Kg4 Ba4 38. Kg3 Bd1 39. Bg4 Bxe2 40. Bxe2
Bxc3 41. Bg4 Bxd4 0-1

[Event "Sparkassen-Open A"]
[Site "Heusenstamm, Martinsee"]
[Date "2022.11.20"]
[Round "6.60"]
[White "Voss, Georg"]
[Black "Nagel, Matthias"]
[Result "1-0"]
[WhiteElo "1947"]
[BlackElo "1763"]
[PlyCount "75"]
[EventDate "2022.??.??"]
[WhiteTeam "SV Meschede"]
[BlackTeam "SV 1920 Kelsterbach"]

1. c4 e5 2. g3 Nf6 3. Bg2 d5 4. cxd5 Nxd5 5. Nc3 Nxc3 6. bxc3 Bc5 7. Nf3 Nd7 8.
d4 exd4 9. cxd4 Bb4+ 10. Bd2 Bxd2+ 11. Qxd2 O-O 12. O-O b6 13. Ne5 Nxe5 14.
Bxa8 Ba6 15. Bg2 c5 16. d5 Re8 17. Rfe1 Qf6 18. Rab1 c4 19. Qf4 Qd6 20. Qd4 h5
21. h3 g6 22. f4 Nc6 23. Qc3 Qc5+ 24. e3 Ne7 25. Qe5 Rd8 26. Kh2 b5 27. e4 c3
28. d6 Qxd6 29. Qxc3 h4 30. Rbd1 hxg3+ 31. Kxg3 Qb6 32. Rxd8+ Qxd8 33. Bf3 Qb6
34. Rd1 b4 35. Qd4 Qb7 36. Qd8+ Kg7 37. Rd7 Nc6 38. Qe8 1-0

[Event "Sparkassen-Open A"]
[Site "Heusenstamm, Martinsee"]
[Date "2022.11.20"]
[Round "6.61"]
[White "Mehlen, Theodor"]
[Black "Krychevskiy, Dmytro"]
[Result "1/2-1/2"]
[WhiteElo "1827"]
[BlackElo "1912"]
[PlyCount "119"]
[EventDate "2022.??.??"]
[WhiteTeam "SC Matt im Park Ffm"]
[BlackTeam "SV Oberursel"]

1. e4 c6 2. d4 g6 3. Nf3 Bg7 4. c3 d5 5. exd5 cxd5 6. Bf4 Nc6 7. Bd3 Nf6 8.
Nbd2 O-O 9. O-O Nh5 10. Be3 Bg4 11. h3 Bxf3 12. Nxf3 Qc7 13. Qd2 Rac8 14. g4
Nf6 15. Bh6 Nd7 16. Bxg7 Kxg7 17. Bb5 Qd6 18. Rae1 e6 19. Qe3 a6 20. Bxc6 Rxc6
21. Ne5 Nxe5 22. Qxe5+ Qxe5 23. Rxe5 b5 24. a3 a5 25. f4 b4 26. axb4 axb4 27.
Re3 Rfc8 28. Rff3 Ra8 29. Kg2 Kf8 30. h4 Ke7 31. f5 Ra1 32. fxg6 hxg6 33. Kg3
Rb1 34. Rf2 Rc1 35. Rff3 Rg1+ 36. Kf4 Rb1 37. cxb4 Rxb2 38. Rb3 Rbc2 39. h5
gxh5 40. gxh5 Rb6 41. Rh3 Rc4 42. h6 Rxd4+ 43. Kg5 f6+ 44. Kg6 Rg4+ 45. Kh5
Rg5+ 46. Kh4 Kf7 47. Rhg3 Kg6 48. h7 Rb8 49. Rxg5+ fxg5+ 50. Kg4 Rh8 51. Rh3 d4
52. Kf3 Kf5 53. Rh1 e5 54. b5 e4+ 55. Ke2 Kg6 56. b6 Kg7 57. b7 g4 58. Rg1 Rb8
59. Rxg4+ Kxh7 60. Rxe4 1/2-1/2

[Event "Sparkassen-Open A"]
[Site "Heusenstamm, Martinsee"]
[Date "2022.11.20"]
[Round "6.62"]
[White "Makilla, Tobias"]
[Black "Plaumann, Arvin"]
[Result "1-0"]
[WhiteElo "1939"]
[BlackElo "1744"]
[PlyCount "73"]
[EventDate "2022.??.??"]
[WhiteTeam "SC 1979 Hattersheim"]
[BlackTeam "Sfr.Heidesheim"]

1. e4 e5 2. Bc4 Nf6 3. d4 Nc6 4. Nf3 Bd6 5. d5 Ne7 6. Nc3 O-O 7. O-O Bb4 8. Qe2
d6 9. h3 c6 10. dxc6 bxc6 11. Rd1 Ng6 12. Bd2 Be6 13. Bxe6 fxe6 14. Qc4 Bxc3
15. Bxc3 Qe7 16. Qxc6 d5 17. exd5 exd5 18. Rxd5 Nxd5 19. Qxd5+ Kh8 20. Nxe5 Nf4
21. Qf3 Rad8 22. Re1 Qc5 23. Qe3 Qxe3 24. fxe3 Nd5 25. Bd4 Kg8 26. c3 Rfe8 27.
Nc6 Rd7 28. Nxa7 Rb8 29. b4 Ra8 30. Nc6 Rxa2 31. c4 Nc7 32. b5 Rc2 33. b6 Na6
34. Ne5 Rd8 35. Ra1 Nb8 36. c5 Kf8 37. Ra7 1-0

[Event "Sparkassen-Open A"]
[Site "Heusenstamm, Martinsee"]
[Date "2022.11.20"]
[Round "6.63"]
[White "Trenz, Finn"]
[Black "Ploder, Udo"]
[Result "0-1"]
[WhiteElo "1678"]
[BlackElo "1879"]
[PlyCount "90"]
[EventDate "2022.??.??"]
[WhiteTeam "SV Multatuli Ingelheim"]
[BlackTeam "SF Braunfels"]

1. e4 e5 2. Nf3 Nc6 3. Bc4 Nf6 4. d3 h6 5. O-O d6 6. Re1 g6 7. c3 Bg7 8. d4 Nh5
9. Be3 O-O 10. Nbd2 Kh7 11. dxe5 Nxe5 12. Nxe5 Bxe5 13. Nf3 Bf6 14. e5 Be7 15.
Qb3 Bg4 16. Qxb7 Rb8 17. Qxa7 Bxf3 18. gxf3 dxe5 19. Rad1 Bd6 20. Rd2 Qh4 21.
Bf1 e4 22. Rxd6 cxd6 23. Qd4 Rxb2 24. Qxd6 Rd8 25. Qc7 Kg8 26. Bc4 Rf8 27. fxe4
Qxe4 28. Rf1 Rb7 29. Qc5 Qg4+ 30. Kh1 Rc8 31. Be2 Qe4+ 32. f3 Qe6 33. Qd4 Re8
34. Qe4 Qd7 35. Rd1 Qxd1+ 36. Bxd1 Rxe4 37. fxe4 Rb1 38. Bxh6 Rxd1+ 39. Kg2 Rd3
40. Bg5 f6 41. Bc1 Rxc3 42. Bh6 Kf7 43. a4 Ra3 44. h4 Ke6 45. a5 Ke5 0-1

[Event "Sparkassen-Open A"]
[Site "Heusenstamm, Martinsee"]
[Date "2022.11.20"]
[Round "6.64"]
[White "Rönsch, Andreas"]
[Black "Werner, Florin"]
[Result "1-0"]
[WhiteElo "1935"]
[BlackElo "1669"]
[PlyCount "83"]
[EventDate "2022.??.??"]
[WhiteTeam "SU Mühlheim"]
[BlackTeam "VSG 1880 Offenbach"]

1. e4 e6 2. d4 d5 3. exd5 exd5 4. Bd3 Nc6 5. c3 Bd6 6. Nf3 Nge7 7. O-O Bg4 8.
Re1 Qd7 9. Bg5 f6 10. Bh4 O-O 11. Nbd2 Bf5 12. Nf1 Bxd3 13. Qxd3 Nf5 14. Bg3
Nxg3 15. Nxg3 Bxg3 16. hxg3 Rfe8 17. Qb5 b6 18. c4 Red8 19. cxd5 Qxd5 20. Qxd5+
Rxd5 21. Rac1 Nxd4 22. Rxc7 Nxf3+ 23. gxf3 Re5 24. Rd1 Rg5 25. Rdd7 a6 26. f4
Rg6 27. f5 Rg5 28. Kg2 h5 29. Rb7 b5 30. f4 Rg4 31. Kf3 Kf8 32. Ra7 Rxa7 33.
Rxa7 g5 34. fxg6 Rxg6 35. Rxa6 Ke7 36. Rb6 Rh6 37. Rxb5 h4 38. gxh4 Rxh4 39.
Ke4 Rh1 40. a4 Ke6 41. Rb6+ Kf7 42. b4 1-0

[Event "Sparkassen-Open A"]
[Site "Heusenstamm, Martinsee"]
[Date "2022.11.20"]
[Round "6.65"]
[White "Busch, Malte"]
[Black "Zimmer, Gerald"]
[Result "1/2-1/2"]
[WhiteElo "1823"]
[BlackElo "1922"]
[PlyCount "98"]
[EventDate "2022.??.??"]
[WhiteTeam "SC 1979 Hattersheim"]
[BlackTeam "SC Bergen-Enkheim 1922"]

1. d4 Nf6 2. Nc3 d5 3. Bf4 Bf5 4. f3 e6 5. g4 Bg6 6. h4 h6 7. e3 Bd6 8. Bd3
Bxf4 9. exf4 Bxd3 10. Qxd3 Qd6 11. O-O-O Nc6 12. Nb5 Qd7 13. Nc3 O-O-O 14. Nge2
Ne7 15. Kb1 Ne8 16. Nc1 Kb8 17. Qe2 Nd6 18. Nd3 Nc6 19. Ne5 Nxe5 20. fxe5 Nc4
21. f4 c5 22. dxc5 Qc6 23. b3 Qxc5 24. Na4 Qb5 25. Ka1 Na3 26. Qxb5 Nxb5 27. c4
dxc4 28. bxc4 Na3 29. c5 Kc7 30. Kb2 Nc4+ 31. Kc3 Ne3 32. Rxd8 Rxd8 33. g5 Kc6
34. gxh6 gxh6 35. Rg1 Nd5+ 36. Kc4 Nxf4 37. Rg3 Rd4+ 38. Kxd4 Ne2+ 39. Kc4 Nxg3
40. Nc3 a6 41. Nd1 Nf5 42. h5 Ng3 43. Nf2 Nxh5 44. Ng4 Kd7 45. Nxh6 f5 46. exf6
Nxf6 47. Nf7 Ng4 48. Kd4 Kc6 49. Nd8+ Kc7 1/2-1/2

[Event "Sparkassen-Open A"]
[Site "Heusenstamm, Martinsee"]
[Date "2022.11.20"]
[Round "6.66"]
[White "Hinz, André"]
[Black "Burkart, Lloyd Shang"]
[Result "0-1"]
[WhiteElo "1668"]
[BlackElo "1768"]
[PlyCount "60"]
[EventDate "2022.??.??"]
[WhiteTeam "SC Brett vorm Kopp Ffm"]
[BlackTeam "SV 1920 Hofheim"]

1. c4 Nf6 2. Nf3 b6 3. Nc3 Bb7 4. d4 e6 5. a3 d5 6. e3 Bd6 7. Be2 O-O 8. O-O
Nbd7 9. b3 c6 10. Bb2 Qe7 11. cxd5 exd5 12. Bd3 Ne4 13. Ne2 f5 14. Ng3 Rae8 15.
Qc2 Rf7 16. b4 a6 17. Rae1 Ref8 18. Bc1 g5 19. Nd2 Kh8 20. Be2 Rf6 21. Nh5 Rh6
22. g4 fxg4 23. Bxg4 Nef6 24. Nxf6 Bxh2+ 25. Kg2 Nxf6 26. Bf5 Ne4 27. Bxe4 dxe4
28. Rh1 Qf7 29. Ref1 Qf3+ 30. Nxf3 exf3# 0-1

[Event "Sparkassen-Open A"]
[Site "Heusenstamm, Martinsee"]
[Date "2022.11.20"]
[Round "6.67"]
[White "Nickel, Jonas"]
[Black "Trumpp, Lothar"]
[Result "1-0"]
[WhiteElo "1771"]
[BlackElo "1915"]
[PlyCount "71"]
[EventDate "2022.??.??"]
[WhiteTeam "SD Büdingen-Wächtersbach"]
[BlackTeam "VSG 1880 Offenbach"]

1. e4 e5 2. Nf3 Nc6 3. Bc4 Nf6 4. Ng5 d5 5. exd5 Na5 6. Bb5+ c6 7. dxc6 bxc6 8.
Bd3 Ng4 9. Nf3 Bd6 10. O-O O-O 11. h3 Nf6 12. Re1 Re8 13. Nc3 Nd5 14. Ne4 Bc7
15. Ng3 g6 16. c4 Nf4 17. Bf1 c5 18. d3 Bb7 19. Be3 Ne6 20. a3 Nc6 21. Ne4 Qe7
22. Rb1 Rad8 23. Qa4 a5 24. Qb5 Bd6 25. Nxd6 Qxd6 26. b4 Rb8 27. Bxc5 Nxc5 28.
Qxc5 Qxc5 29. bxc5 Re7 30. Rb6 Rd8 31. Reb1 Rdd7 32. g3 Nd8 33. Ne1 e4 34. Rd6
exd3 35. Nxd3 Be4 36. Rb8 1-0

[Event "Sparkassen-Open A"]
[Site "Heusenstamm, Martinsee"]
[Date "2022.11.20"]
[Round "6.68"]
[White "Schunke, Oliver"]
[Black "Weil, Michael"]
[Result "1/2-1/2"]
[WhiteElo "1786"]
[BlackElo "1879"]
[PlyCount "36"]
[EventDate "2022.??.??"]
[WhiteTeam "VfB 07 Lettin"]
[BlackTeam "SC Steinbach"]

1. Nc3 e6 2. e4 d5 3. Nf3 dxe4 4. Nxe4 Nd7 5. d4 Ngf6 6. Nxf6+ Nxf6 7. Bd3 Be7
8. O-O O-O 9. Bg5 b6 10. c3 Bb7 11. Qe2 Nd7 12. Bxe7 Qxe7 13. Rad1 Rfd8 14. Be4
Bxe4 15. Qxe4 Nf6 16. Qe2 Qd6 17. Ne5 Qd5 18. Qc4 Qxc4 1/2-1/2

[Event "Sparkassen-Open A"]
[Site "Heusenstamm, Martinsee"]
[Date "2022.11.20"]
[Round "6.69"]
[White "Bahlo, Jens"]
[Black "Weber, Nikita"]
[Result "1-0"]
[WhiteElo "1898"]
[BlackElo "1441"]
[PlyCount "115"]
[EventDate "2022.??.??"]
[WhiteTeam "SK 1858 Gießen"]
[BlackTeam "Vorw.Orient Mainz"]

1. e4 c6 2. Nc3 d5 3. Qf3 dxe4 4. Nxe4 Nd7 5. d4 Ngf6 6. Bc4 e6 7. Bg5 Qa5+ 8.
Bd2 Qb6 9. Bc3 Bb4 10. Nxf6+ Nxf6 11. O-O-O Nd5 12. Bxb4 Qxb4 13. Bb3 b5 14. c3
Qd6 15. Ne2 a5 16. Bc2 Ba6 17. Qg3 Qxg3 18. Nxg3 f5 19. Nf1 b4 20. Kd2 O-O-O
21. Ne3 c5 22. Nxd5 Rxd5 23. Ke3 cxd4+ 24. Rxd4 Re5+ 25. Kf3 g5 26. h4 bxc3 27.
bxc3 Rc5 28. Ke3 Rxc3+ 29. Kd2 Rc5 30. hxg5 Bb7 31. Bb3 Bd5 32. Bxd5 Rxd5 33.
Rxd5 exd5 34. Rh6 Kd7 35. Kd3 Ke7 36. Kd4 Kf7 37. f4 Kg7 38. Ra6 Re8 39. Rxa5
Kg6 40. Kxd5 Re4 41. Ra6+ Kh5 42. Rh6+ Kg4 43. Rxh7 Rxf4 44. g6 Kg3 45. Ke5 Ra4
46. Kxf5 Rxa2 47. g7 Ra5+ 48. Kf6 Ra6+ 49. Kf7 Ra7+ 50. Ke8 Ra8+ 51. Kd7 Kg4
52. Ke7 Kf5 53. Rh6 Ra7+ 54. Kf8 Ra8+ 55. Kf7 Ra7+ 56. Kg8 Kg5 57. Kh7 Ra8 58.
Rg6+ 1-0

[Event "Sparkassen-Open A"]
[Site "Heusenstamm, Martinsee"]
[Date "2022.11.20"]
[Round "6.70"]
[White "Root, Martin"]
[Black "Olson, Philip Christoph"]
[Result "1-0"]
[WhiteElo "1771"]
[BlackElo "1429"]
[PlyCount "76"]
[EventDate "2022.??.??"]
[WhiteTeam "Spvgg Böblingen"]
[BlackTeam "SC Bad Nauheim"]

1. e4 c5 2. Nf3 e6 3. d4 cxd4 4. Nxd4 Bc5 5. Nb3 Bb6 6. c4 d6 7. Nc3 Nc6 8. Nb5
Bc7 9. Qg4 g6 10. Nxc7+ Qxc7 11. Bd2 Nge7 12. Bc3 e5 13. Qg5 f5 14. exf5 Bxf5
15. O-O-O O-O 16. h4 Rf7 17. h5 a6 18. g4 Be6 19. hxg6 Nxg6 20. Bd3 Nce7 21.
Nd2 b5 22. Ne4 Bxc4 23. Nxd6 Bxd3 24. Nxf7 Kxf7 25. Rxh7+ Ke6 26. Rxd3 b4 27.
Qxg6+ Nxg6 28. Rxc7 bxc3 29. Rdxc3 Nf4 30. Ra3 Kd6 31. Rg7 Rc8+ 32. Kd2 Rc6 33.
Ke3 Kd5 34. Ra5+ Ke6 35. Rh7 Nd5+ 36. Kf3 e4+ 37. Kg3 Nf6 38. Rh6 Kd7 1-0

[Event "Sparkassen-Open A"]
[Site "Heusenstamm, Martinsee"]
[Date "2022.11.20"]
[Round "6.71"]
[White "Burkhardt, Jan"]
[Black "Wachsmann, Elmar"]
[Result "1/2-1/2"]
[WhiteElo "1619"]
[BlackElo "1858"]
[PlyCount "92"]
[EventDate "2022.??.??"]
[WhiteTeam "Sfr.Mainz 1928"]
[BlackTeam "SC Groß-Umstadt"]

1. e4 e5 2. Nf3 Nc6 3. Bc4 Nf6 4. d3 Be7 5. O-O O-O 6. c3 d6 7. h3 Na5 8. Nbd2
Nxc4 9. Nxc4 c6 10. a4 Be6 11. Ne3 h6 12. Re1 Re8 13. Nf1 Bf8 14. Ng3 Qc7 15.
d4 a5 16. Be3 Rad8 17. Qc1 Bc8 18. Nh2 d5 19. dxe5 Qxe5 20. Bd4 Qe7 21. exd5
Qxe1+ 22. Qxe1 Rxe1+ 23. Rxe1 Nxd5 24. Nf3 c5 25. Be3 Nxe3 26. Rxe3 f6 27. Ne4
Kf7 28. c4 Be6 29. b3 Bd6 30. Nxd6+ Rxd6 31. Kf1 Bf5 32. Ke2 g5 33. Nd2 Rd4 34.
Nf3 Rd6 35. Nd2 b6 36. f3 h5 37. Ne4 Bxe4 38. Rxe4 h4 39. f4 Kg6 40. fxg5 fxg5
41. Ke3 Kf5 42. Re8 Rd1 43. Rf8+ Ke6 44. Rb8 Rd6 45. Ke4 Kf6 46. Rf8+ Ke6
1/2-1/2

[Event "Sparkassen-Open A"]
[Site "Heusenstamm, Martinsee"]
[Date "2022.11.20"]
[Round "6.72"]
[White "Griesfeller, Sven"]
[Black "Lotz, Ralf"]
[Result "1/2-1/2"]
[WhiteElo "1534"]
[BlackElo "1890"]
[PlyCount "37"]
[EventDate "2022.??.??"]
[WhiteTeam "SD Büdingen-Wächtersbach"]
[BlackTeam "SC 1952 Obertshausen"]

1. d4 Nf6 2. c4 c6 3. Nc3 d5 4. Nf3 Bf5 5. e3 e6 6. Be2 Bd6 7. O-O Nbd7 8. b3
O-O 9. Nh4 Ne4 10. Nxe4 dxe4 11. Nxf5 exf5 12. Bb2 f4 13. d5 Nf6 14. exf4 Bxf4
15. dxc6 bxc6 16. Qxd8 Raxd8 17. Bxf6 gxf6 18. Rfd1 Be5 19. Rxd8 1/2-1/2

[Event "Sparkassen-Open A"]
[Site "Heusenstamm, Martinsee"]
[Date "2022.11.20"]
[Round "6.73"]
[White "Rotermund, Verena"]
[Black "Francke, Helmut"]
[Result "0-1"]
[WhiteElo "1585"]
[BlackElo "1892"]
[PlyCount "64"]
[EventDate "2022.??.??"]
[WhiteTeam "Vorw.Orient Mainz"]
[BlackTeam "SC Bad Nauheim"]

1. e4 c5 2. Nc3 Nc6 3. f4 g6 4. Bc4 e6 5. Nf3 Bg7 6. O-O Nge7 7. d3 d5 8. Bb3
O-O 9. Qe1 a6 10. a4 Nb4 11. Qe2 b6 12. Kh1 Bb7 13. Bd2 Rc8 14. Nd1 Nbc6 15. c3
Qd7 16. Nf2 Rfd8 17. Bc2 b5 18. axb5 axb5 19. Ne5 Qd6 20. Qf3 f6 21. Nxc6 Qxc6
22. Qh3 f5 23. exf5 exf5 24. Rfe1 Re8 25. Qe3 Kf7 26. Ra7 Ng8 27. Qg3 Rxe1+ 28.
Bxe1 Re8 29. Nh3 h6 30. d4 cxd4 31. cxd4 Bxd4 32. Bb3 Bxa7 0-1

[Event "Sparkassen-Open A"]
[Site "Heusenstamm, Martinsee"]
[Date "2022.11.20"]
[Round "6.74"]
[White "Akhmatovski, Maxim"]
[Black "Weyerer, Noah"]
[Result "1-0"]
[WhiteElo "1934"]
[BlackElo "1605"]
[PlyCount "49"]
[EventDate "2022.??.??"]
[WhiteTeam "SV Oberursel"]
[BlackTeam "SV Oberursel"]

1. d4 f5 2. Nc3 Nf6 3. Bf4 d5 4. Nb5 Na6 5. e3 c6 6. Nc3 Nc7 7. h3 e6 8. Nf3
Ne4 9. Nxe4 fxe4 10. Ne5 g6 11. f3 exf3 12. Qxf3 Qe7 13. Bd3 Nb5 14. h4 Bg7 15.
Bg5 Qf8 16. Qg3 Qb4+ 17. c3 Qxb2 18. O-O Rf8 19. Rxf8+ Bxf8 20. Rb1 Qxc3 21.
Rxb5 Qc1+ 22. Kh2 Bd6 23. Rb1 Qc3 24. Rf1 c5 25. Bb5+ 1-0

[Event "Sparkassen-Open A"]
[Site "Heusenstamm, Martinsee"]
[Date "2022.11.20"]
[Round "6.75"]
[White "Ersöz, Can"]
[Black "Kissel, Tom"]
[Result "0-1"]
[WhiteElo "1927"]
[BlackElo "1660"]
[PlyCount "56"]
[EventDate "2022.??.??"]
[WhiteTeam "SV Würzburg von 1865"]
[BlackTeam "SF Sailauf"]

1. e4 c5 2. Nc3 Nc6 3. f4 g6 4. Nf3 Bg7 5. Bb5 e6 6. Bxc6 bxc6 7. O-O d5 8. e5
Ne7 9. d3 Ba6 10. b3 O-O 11. Ba3 c4 12. dxc4 Qb6+ 13. Rf2 Rfe8 14. Na4 Qa5 15.
Nd4 Rac8 16. cxd5 cxd5 17. Qe1 Qc7 18. Bd6 Qd8 19. Rd1 Nf5 20. Nxf5 gxf5 21.
Qb4 Rc6 22. Qd4 Rxd6 23. Qxa7 Rc6 24. Qe3 Qc7 25. Rdd2 f6 26. exf6 Bxf6 27. Qf3
Kh8 28. g4 fxg4 0-1

[Event "Sparkassen-Open A"]
[Site "Heusenstamm, Martinsee"]
[Date "2022.11.20"]
[Round "6.77"]
[White "Rohatgi, Kushagra"]
[Black "Koholka, Jan"]
[Result "1/2-1/2"]
[WhiteElo "1490"]
[BlackElo "1750"]
[PlyCount "41"]
[EventDate "2022.??.??"]
[WhiteTeam "TuS Makkabi Ffm"]
[BlackTeam "SK Langen"]

1. e4 e5 2. Nf3 Nc6 3. Bc4 Nf6 4. d3 Bc5 5. c3 d6 6. O-O h6 7. Nbd2 O-O 8. h3
Qe7 9. Re1 Be6 10. Bb3 Bxb3 11. Qxb3 Rab8 12. Nf1 Qe6 13. Qd1 Ne7 14. a4 a5 15.
d4 Bb6 16. Ng3 Nh7 17. Nh4 Qf6 18. Nhf5 Nxf5 19. Nxf5 Rfe8 20. Qg4 Qg6 21. Qf3
1/2-1/2